|
|
|
|
| LEADER |
01670nam a2200373 a 4500 |
| 001 |
16524523 |
| 008 |
121031s2012 maua 001 0 eng d |
| 010 |
|
|
|a 2010045760
|
| 020 |
|
|
|a 9780131394650 (alk. paper)
|
| 020 |
|
|
|a 0131394657 (alk. paper)
|
| 020 |
|
|
|a 9780131394254 (microeconomics : alk. paper)
|
| 020 |
|
|
|a 0131394258 (microeconomics : alk. paper)
|
| 020 |
|
|
|a 9780131394452 (macroeconomics : alk. paper)
|
| 020 |
|
|
|a 0131394452 (macroeconomics : alk. paper)
|
| 020 |
|
|
|a 9780131394704
|
| 020 |
|
|
|a 0131394703
|
| 020 |
|
|
|a 9780273754213
|
| 020 |
|
|
|a 0273754211
|
| 040 |
|
|
|a DLC
|c DLC
|d YDX
|d YDXCP
|d CDX
|d BWX
|d UVU
|d DLC
|d BD-DhAAL.
|
| 082 |
0 |
0 |
|a 330
|2 22
|
| 100 |
1 |
|
|a Parkin, Michael,
|d 1939-
|
| 245 |
1 |
0 |
|a Economics /
|c Michael Parkin.
|
| 250 |
|
|
|a 10th ed.
|
| 260 |
|
|
|a Boston :
|b Addison-Wesley,
|c c2012.
|
| 300 |
|
|
|a xxxvii, 780, [31] p. :
|b ill. (some col.) ;
|c 29 cm.
|
| 504 |
|
|
|a Includes index.
|
| 541 |
|
|
|e 00026199
|
| 650 |
|
0 |
|a Economics.
|
| 852 |
4 |
|
|a Ayesha Abed Library
|j General shelf.
|
| 942 |
0 |
0 |
|0 2
|
| 999 |
|
|
|c 12940
|d 12940
|
| 952 |
|
|
|0 0
|1 0
|4 0
|6 330_000000000000000_PAR
|7 0
|9 21379
|a BRACUL
|b BRACUL
|c GEN
|d 2012-11-01
|e Trim Education
|g 5650.00
|l 44
|m 370
|o 330 PAR
|p 3010026199
|r 2026-03-31
|s 2026-03-28
|t 1
|w 0000-00-00
|y BK
|x Available
|
| 952 |
|
|
|0 0
|1 0
|2 ddc
|4 0
|6 330_000000000000000_PAR
|7 0
|9 21380
|a BRACUL
|b BRACUL
|c GEN
|d 2012-11-01
|e Trim Education
|g 5650.00
|l 55
|m 335
|o 330 PAR
|p 3010026200
|r 2026-05-04
|s 2026-03-08
|t 2
|w 0000-00-00
|y BK
|x Available
|
| 952 |
|
|
|0 0
|1 0
|4 0
|6 330_000000000000000_PAR
|7 0
|9 21381
|a BRACUL
|b BRACUL
|c GEN
|d 2012-11-01
|e Trim Education
|g 5650.00
|l 36
|m 219
|o 330 PAR
|p 3010026201
|r 2026-05-18
|s 2026-05-06
|t 3
|w 0000-00-00
|y BK
|x Available
|